Statistics for Countries and States Closest in Size to California

Click here to take the quiz!

General Stats

  • This quiz has been taken 49 times
  • The average score is 10 of 14

Answer Stats

Area in km2 (sqmi)HintAnswer% Correct
357114 (137882)EuropeGermany
92%
505992 (195365)EuropeSpain
87%
450295 (173860)EuropeSweden
79%
438317 (169235)Middle EastIraq
77%
406752 (157048)South AmericaParaguay
77%
462840 (178700)OceaniaPapua New Guinea
74%
377930 (145920)East AsiaJapan
69%
380831 (147839)US StateMontana
64%
488100 (188500)Central AsiaTurkmenistan
64%
446550 (172310)AfricaMorocco
62%
447400 (172700)Central AsiaUzbekistan
62%
390757 (150872)AfricaZimbabwe
59%
475442 (183569)AfricaCameroon
54%
342000 (132000)AfricaRepublic of the Congo
54%

Score Distribution

Percentile by Number Answered

Percent of People with Each Score

Your Score History

You have not taken this quiz